[Event "Penang op 15th"]
[Site "Penang"]
[Date "2023.12.22"]
[Round "9"]
[White "Navaratnam, Julian"]
[Black "Govindasamy, Kanes"]
[Result "1-0"]
[WhiteElo "2142"]
[BlackElo "1373"]
[PlyCount "47"]
[EventDate "2023.12.18"]
[EventType "swiss"]
[EventRounds "9"]
[EventCountry "MAS"]
[SourceTitle "CB52_2023"]
[SourceDate "2023.12.27"]
[SourceVersion "1"]
[SourceVersionDate "2023.12.27"]
[SourceQuality "1"]

1. e4 c6 2. d4 d5 3. e5 Bf5 4. Nf3 e6 5. Be2 Nd7 6. 0-0 c5 7. c4 dxc4 8. d5 Nb6 9. d6 f6 10. Na3 Qd7 11. Nxc4 Nxc4 12. Bxc4 Bg4 13. h3 Bxf3 14. Qxf3 fxe5 15. Qh5+ g6 16. Qxe5 Bg7 17. Qxc5 Rc8 18. Qb4 a6 19. Bxe6 Qxe6 20. Re1 Be5 21. Bf4 Rc4 22. Qb3 Kf7 23. Bxe5 Nf6 24. Bxf6 1-0